[Event "SVK GPX U14"]
[Site "Kremnica"]
[Date "2025.06.21"]
[Round "7"]
[White "Bartelt, Tobias"]
[Black "Priscak, Richard"]
[Result "1-0"]
[WhiteElo "1673"]
[BlackElo "1614"]
[PlyCount "75"]
[EventDate "2025.06.21"]
[EventType "tourn (rapid)"]
[EventRounds "9"]
[EventCountry "SVK"]
[SourceTitle "CB26_2025"]
[SourceDate "2025.06.25"]
[SourceVersion "1"]
[SourceVersionDate "2025.06.25"]
[SourceQuality "1"]

1. e4 c5 2. d4 cxd4 3. c3 dxc3 4. Nxc3 Nc6 5. Nf3 e6 6. Bc4 Bc5 7. 0-0 Nge7 8. Bf4 a6 9. Na4 Bb6 10. Nxb6 Qxb6 11. Qc2 d5 12. exd5 exd5 13. Bd3 Bg4 14. Ne5 Nd4 15. Qd2 Be6 16. Be3 Bf5 17. Bxd4 Qxd4 18. Bb5+ axb5 19. Qxd4 Be6 20. Qc5 Rc8 21. Qxb5+ Nc6 22. Nxc6 bxc6 23. Qc5 Kd7 24. a4 Ra8 25. a5 Ra6 26. Qc3 f6 27. b4 Rb8 28. f4 Bf5 29. Rfe1 Be4 30. Qd4 Kc7 31. Rxe4 dxe4 32. Qxe4 Rd8 33. Rc1 Rd6 34. b5 Rxa5 35. Rxc6+ Rxc6 36. Qxc6+ Kd8 37. Qb6+ Kd7 38. Qxa5 1-0

[Event "SVK GPX U14"]
[Site "Kremnica"]
[Date "2025.06.21"]
[Round "6"]
[White "Priscak, Richard"]
[Black "Kulka, Tomas"]
[Result "0-1"]
[WhiteElo "1614"]
[BlackElo "1651"]
[PlyCount "124"]
[EventDate "2025.06.21"]
[EventType "tourn (rapid)"]
[EventRounds "9"]
[EventCountry "SVK"]
[SourceTitle "CB26_2025"]
[SourceDate "2025.06.25"]
[SourceVersion "1"]
[SourceVersionDate "2025.06.25"]
[SourceQuality "1"]

1. e4 e5 2. Nf3 Nf6 3. Nc3 Nc6 4. Bc4 Nxe4 5. Nxe4 d5 6. Bxd5 Qxd5 7. Nc3 Qd8 8. h3 Bd6 9. d3 Be6 10. Be3 f6 11. Qd2 Qd7 12. a3 0-0-0 13. 0-0-0 f5 14. Bg5 Be7 15. Rde1 Bf6 16. Bxf6 gxf6 17. Qh6 Qf7 18. Qe3 Rhg8 19. Rhg1 Bd5 20. Nxd5 Qxd5 21. Qh6 Qe6 22. Qxh7 Rh8 23. Qg6 Rdg8 24. Ng5 Rxg6 25. Nxe6 b6 26. d4 Kd7 27. d5 Na5 28. Rd1 c6 29. b4 Nc4 30. dxc6+ Kxe6 31. Rd3 Rc8 32. Rgd1 Rxc6 33. g3 Rg7 34. c3 Nxa3 35. Kb2 Nc4+ 36. Kb3 Rgc7 37. h4 Nd6 38. Re1 Ne4 39. Rc1 Nxf2 40. Rf3 Ne4 41. Rd3 b5 42. h5 Nf2 43. Rf3 Ng4 44. Rh1 Rh7 45. Rhf1 Rxh5 46. Rd1 e4 47. Rf4 Ne5 48. Rdf1 Nd3 49. R4f2 Nxf2 50. Rxf2 Rh3 51. Rg2 e3 52. Kb2 Ke5 53. Kc2 Ke4 54. g4 fxg4 55. Rxg4+ Kf3 56. Rd4 e2 57. Kd2 Kf2 58. Rf4+ Rf3 59. Rxf3+ Kxf3 60. Ke1 Rxc3 61. Kd2 Rc2+ 62. Ke1 Rc1+ 0-1

[Event "SVK GPX U14"]
[Site "Kremnica"]
[Date "2025.06.21"]
[Round "8"]
[White "Skypala, Simon"]
[Black "Priscak, Richard"]
[Result "1-0"]
[WhiteElo "1583"]
[BlackElo "1614"]
[PlyCount "69"]
[EventDate "2025.06.21"]
[EventType "tourn (rapid)"]
[EventRounds "9"]
[EventCountry "SVK"]
[SourceTitle "CB26_2025"]
[SourceDate "2025.06.25"]
[SourceVersion "1"]
[SourceVersionDate "2025.06.25"]
[SourceQuality "1"]

1. e4 c5 2. Nf3 Nc6 3. d4 cxd4 4. Nxd4 e6 5. Nc3 Bb4 6. Nxc6 Bxc3+ 7. bxc3 bxc6 8. Ba3 d5 9. exd5 cxd5 10. c4 Qa5+ 11. Qd2 Qxa3 12. cxd5 Qd6 13. Rd1 Nf6 14. Bb5+ Bd7 15. Bxd7+ Qxd7 16. 0-0 Rd8 17. Qb4 Nxd5 18. Qc5 Rc8 19. Qa3 Qe7 20. Qa4+ Qd7 21. Qa5 0-0 22. Rd2 Qc7 23. Qa4 Rfd8 24. Qg4 Nf6 25. Rxd8+ Rxd8 26. Qe2 Qd7 27. Rb1 Qc7 28. c4 h6 29. Rc1 Rc8 30. c5 Qa5 31. c6 Rc7 32. Qc2 Nd5 33. Rd1 Qa6 34. f3 Ne3 35. Rd8# 1-0

[Event "SVK-ch U14"]
[Site "Tatralandia"]
[Date "2025.05.18"]
[Round "9"]
[White "Priscak, Richard"]
[Black "Lukianov, Mykhailo"]
[Result "1/2-1/2"]
[WhiteElo "1545"]
[BlackElo "1674"]
[PlyCount "84"]
[EventDate "2025.05.11"]
[EventType "swiss"]
[EventRounds "9"]
[EventCountry "SVK"]
[SourceTitle "CB21_2025"]
[SourceDate "2025.05.21"]
[SourceVersion "1"]
[SourceVersionDate "2025.05.21"]
[SourceQuality "1"]

1. e4 d5 2. exd5 Qxd5 3. Nc3 Qa5 4. Bc4 Nf6 5. d3 c6 6. Bd2 Qc7 7. Qe2 Bf5 8. Nf3 e6 9. h3 Nbd7 10. Nd4 Bg6 11. Bxe6 fxe6 12. Nxe6 Qe5 13. Nc7+ Kd8 14. Qxe5 Nxe5 15. Nxa8 Kd7 16. Na4 b5 17. Nc3 Bd6 18. Nb6+ axb6 19. Be3 Kc7 20. a3 Re8 21. 0-0 Re6 22. Rfe1 Bf5 23. f4 Ned7 24. g4 Nxg4 25. hxg4 Bxg4 26. Ne4 Rg6 27. Kf2 Be7 28. Rh1 Nf6 29. Nxf6 Bxf6 30. c3 Bf5 31. d4 Be4 32. Rhg1 Rh6 33. Ke1 Kd6 34. Rd1 Ke6 35. Bf2 Rh3 36. Rg3 Rh2 37. Rd2 Rh1+ 38. Ke2 Rh2 39. Ke3 Kf5 40. Rg1 Rh3+ 41. Rg3 Rh2 42. Rg1 Rh3+ 1/2-1/2

[Event "SVK-ch U14"]
[Site "Tatralandia"]
[Date "2025.05.15"]
[Round "6"]
[White "Kulka, Tomas"]
[Black "Priscak, Richard"]
[Result "1/2-1/2"]
[WhiteElo "1662"]
[BlackElo "1545"]
[PlyCount "60"]
[EventDate "2025.05.11"]
[EventType "swiss"]
[EventRounds "9"]
[EventCountry "SVK"]
[SourceTitle "CB21_2025"]
[SourceDate "2025.05.21"]
[SourceVersion "1"]
[SourceVersionDate "2025.05.21"]
[SourceQuality "1"]

1. c4 c5 2. Nf3 Nf6 3. g3 g6 4. Bg2 Bg7 5. d3 Nc6 6. Nc3 0-0 7. a3 d6 8. Rb1 a5 9. Nd2 Bd7 10. 0-0 Qc8 11. Qc2 Nd4 12. Qd1 Bh3 13. e3 Nc6 14. Qe2 Rd8 15. Na4 Ra6 16. Nf3 Bg4 17. Qd2 Bh6 18. Qc2 e5 19. Re1 Qd7 20. b3 b6 21. Nc3 Raa8 22. Bb2 Rab8 23. Nb5 Bf5 24. Nh4 Bh3 25. Bh1 g5 26. Nf3 Bg4 27. d4 exd4 28. exd4 Bf5 29. Qd2 Bxb1 30. d5 Ne4 1/2-1/2

[Event "SVK-ch U14"]
[Site "Tatralandia"]
[Date "2025.05.14"]
[Round "5"]
[White "Priscak, Richard"]
[Black "Sabo, Michal"]
[Result "1-0"]
[WhiteElo "1545"]
[BlackElo "1158"]
[PlyCount "101"]
[EventDate "2025.05.11"]
[EventType "swiss"]
[EventRounds "9"]
[EventCountry "SVK"]
[SourceTitle "CB21_2025"]
[SourceDate "2025.05.21"]
[SourceVersion "1"]
[SourceVersionDate "2025.05.21"]
[SourceQuality "1"]

1. e4 e5 2. Nf3 Nc6 3. Bc4 Nf6 4. Nc3 Bc5 5. d3 d6 6. Bg5 Nd4 7. h3 c6 8. Nxd4 exd4 9. Na4 b5 10. Nxc5 dxc5 11. Bb3 Qe7 12. Qf3 0-0 13. Bxf6 Qxf6 14. Qxf6 gxf6 15. 0-0 Be6 16. Rac1 Kh8 17. c3 Rac8 18. Bxe6 fxe6 19. Rc2 Rf7 20. Rfc1 Rfc7 21. a3 a5 22. cxd4 cxd4 23. Rc5 a4 24. f4 Kg7 25. Kf2 Kg6 26. g4 h6 27. h4 Kf7 28. Kf3 Kg6 29. R1c2 Kf7 30. h5 Kg7 31. e5 fxe5 32. Rxe5 Kf6 33. Rec5 Kg7 34. Ke4 Rd7 35. Rxc6 Rxc6 36. Rxc6 Kf6 37. f5 Re7 38. Rxe6+ Rxe6+ 39. fxe6 Kxe6 40. Kxd4 Kf6 41. Ke4 Kg5 42. Ke5 Kxg4 43. d4 Kxh5 44. d5 Kg4 45. d6 h5 46. d7 h4 47. d8Q h3 48. Qd1+ Kg3 49. Qh1 h2 50. Ke4 Kh3 51. Kf4 1-0

[Event "SVK-ch U14 rapid"]
[Site "Poprad"]
[Date "2025.05.03"]
[Round "1"]
[White "Boba, Kristian"]
[Black "Priscak, Richard"]
[Result "0-1"]
[WhiteElo "1934"]
[BlackElo "1541"]
[PlyCount "108"]
[EventDate "2025.05.03"]
[EventType "swiss (rapid)"]
[EventRounds "7"]
[EventCountry "SVK"]
[SourceTitle "CB19_2025"]
[SourceDate "2025.05.07"]
[SourceVersion "1"]
[SourceVersionDate "2025.05.07"]
[SourceQuality "1"]

1. d4 d5 2. Bf4 Nc6 3. e3 a6 4. Nf3 Nf6 5. Nc3 Bf5 6. a3 e6 7. Bd3 Bg6 8. 0-0 Bd6 9. Ne5 Bxe5 10. Bxe5 Nxe5 11. dxe5 Nd7 12. Bxg6 hxg6 13. f4 Qh4 14. h3 g5 15. Qe2 gxf4 16. exf4 0-0-0 17. Rad1 Rh6 18. f5 exf5 19. Rxf5 d4 20. Nd5 c6 21. Nb4 Rf8 22. Rdf1 Rg6 23. R1f3 Nc5 24. R5f4 Qe7 25. Rxd4 Ne6 26. Rdd3 Nc5 27. Rde3 Re6 28. Nd3 Nxd3 29. cxd3 Re8 30. d4 f6 31. Kf2 fxe5 32. dxe5 Qc5 33. Kf1 Rxe5 34. Rxe5 Rxe5 35. Qd3 Rd5 36. Qe2 Qc1+ 37. Kf2 Qc5+ 38. Kf1 Qc1+ 39. Kf2 Qc5+ 40. Re3 Rf5+ 41. Ke1 Qc1+ 42. Qd1 Qxe3+ 43. Qe2 Qxe2+ 44. Kxe2 Rb5 45. Kf3 Rxb2 46. g4 Rb5 47. Kf4 g5+ 48. Kg3 Kd7 49. h4 gxh4+ 50. Kxh4 Kd6 51. g5 Rxg5 52. Kxg5 Kc5 53. Kf6 Kc4 54. Ke6 b5 0-1

[Event "SVK-ch U14 rapid"]
[Site "Poprad"]
[Date "2025.05.03"]
[Round "3"]
[White "Mazag, Martin"]
[Black "Priscak, Richard"]
[Result "1-0"]
[WhiteElo "1711"]
[BlackElo "1541"]
[PlyCount "85"]
[EventDate "2025.05.03"]
[EventType "swiss (rapid)"]
[EventRounds "7"]
[EventCountry "SVK"]
[SourceTitle "CB19_2025"]
[SourceDate "2025.05.07"]
[SourceVersion "1"]
[SourceVersionDate "2025.05.07"]
[SourceQuality "1"]

1. e4 c5 2. c3 Nc6 3. d4 cxd4 4. cxd4 e6 5. Nc3 Nf6 6. Nf3 d5 7. exd5 exd5 8. Be2 Be7 9. 0-0 0-0 10. Bf4 Bf5 11. Ne5 Qb6 12. Nxc6 Qxc6 13. Rc1 Qd7 14. Bb5 Qd8 15. Re1 a6 16. Ba4 b5 17. Bb3 Rc8 18. Re5 Bg6 19. Nxd5 Bd6 20. Nxf6+ Qxf6 21. Bg5 Bxe5 22. Bxf6 Bxf6 23. Rxc8 Rxc8 24. Qd2 h6 25. h3 Rd8 26. d5 Rd6 27. f4 Bd8 28. Kf2 Bb6+ 29. Kf3 f6 30. Qe2 Bh5+ 31. g4 Bf7 32. Qe7 Bc5 33. Qb7 Kf8 34. Qc8+ Ke7 35. Qxc5 Be8 36. Ke4 g6 37. f5 g5 38. Qc7+ Bd7 39. a4 bxa4 40. Bxa4 a5 41. b3 Ra6 42. Qxd7+ Kf8 43. Qc8+ 1-0